000 00282nam a2200133Ia 4500
100 _aMilner/D.R
942 _cBK
654 _aWelding
245 _aIntrod. to welding & Brazing
260 _bPergamon press
_aOxford
_c1969
082 _a671.5
300 _a222
546 _aENGLISH
999 _c33814
_d33814